000 01633nam a22002417a 4500
999 _c59695
_d59695
003 Ge_BSU
005 20230403164109.0
008 230403s ge ||||| |||| 00| 0 geo d
041 _ageo
080 _a94(479.22)(093 უცხ.) ხ-34
100 _aხახუტაიშვილი, დავით
_917442
245 _aშავიზღვისპირეთის ქართველური ტომები ბერძენ-ლათინი მწერლების ცნობებით :
_bსამტომეული. [ტ. 1] /
_cდავით ხახუტაიშვილი ; სამტომეულის რედაქტორი ნანა ხაზარაძე; [ტომის რედ. ნანა ხახუტაიშვილი]
264 _aბათუმი :
_bშოთა რუსთაველის სახ. უნ-ტის გამ-ბა და სტ.,
_c2009.
300 _a184გვ.;
_b27 სმ.
504 _aბიბლიოგრაფია ტექსტის შენიშვნებში და გვ. 175-183.
653 _aსაქართველოს ისტორიის უცხოური წყაროები
653 _aკოლხეთის ისტორია
653 _aპონტოს სამეფო
653 _aლაზიკის ისტორია.
700 _aხაზარაძე, ნანა
_eრედაქტორი.
_917443
700 _aხახუტაიშვილი, ნანა
_eრედაქტორი
_917444
942 _2udc
_cBK